| 000 | 00731nam a2200181 4500 | ||
|---|---|---|---|
| 999 |
_c17184 _d17184 |
||
| 008 | 220610b ||||| |||| 00| 0 eng d | ||
| 022 | _a00014826 | ||
| 082 | _aDPer 657.05 Ac27 Jan 2016 vol. 91, no. 5 | ||
| 100 |
_aHumphreys, Kerry A. _945642 |
||
| 245 |
_aDynamic decision making using the balanced scorecard framework/ _cKerry A. Humphreys, Michael Shayne Gary and Ken T. Trotman. |
||
| 260 |
_aSarasota, Florida: _bAmerican Accounting Association, _c©2016. |
||
| 300 |
_aV91 n5, pages 1441-1465: _billustrations; _c28 cm. |
||
| 500 | _aThe Accounting Review. | ||
| 650 |
_aStrategic planning. _945643 |
||
| 700 |
_aGary, Michael Shayne. _eAuthor. _945644 |
||
| 700 |
_aTrotman, Ken T. _eAuthor. _945645 |
||
| 942 |
_2ddc _cPER |
||